| 000 | 00545nam a2200181Ia 4500 | ||
|---|---|---|---|
| 003 | GCL | ||
| 005 | 20240530101826.0 | ||
| 008 | 140319s9999 xx 000 0 ara d | ||
| 040 |
_aGCL / _cGCL |
||
| 082 | 0 | 4 |
_a070 _bل ص |
| 100 | 1 | _aليلى عبدالمجيد | |
| 245 | 1 | 0 |
_aالصحافة فى الوطن العربى / _cليلى عبدالمجيد |
| 260 |
_a[S.N] : _bالعربى للنشر والتوزيع ، _c1900 |
||
| 300 | _a119 ص | ||
| 650 | 0 | 4 | _aالصحافة |
| 650 | 0 | 4 | _aالصحافة العربية |
| 942 |
_2ddc _cBK |
||
| 999 |
_c27978 _d27978 |
||